000 01338naa a22004097a 4500
001 BR8105323
003 BR-BrBNA
005 20240918174836.0
007 ta
008 230509b bl.||||| |||| 00| 0 por d
040 _aBR-BrBNA
_bpor
_cBiblioteca Nacional de Agricultura
041 _a(Pt)
072 _aF00; L30
_b1930
_bG514
090 _aF00 BR8105323
100 1 _aFernandes, A. de P.M.
100 1 _aFarias, I.
100 1 _aLira, M. de A.
100 1 _aPenic, P.
100 1 _aAndrade, J.C. de
100 1 _aVieira, M.E.Q.
100 1 _aSilva, V.M. da
245 1 _aComparacao de duas cultivares de capim buffel (Cenchrus ciliaris)e uma de urochloa (U. mosambicensis)em relacao ao pasto nativo no sertao de Pernambuco [Brasil]
260 3 _aRecife, PE (Brasil):
_c1981.
500 _aAtuacao do IPA no ambito do POLONORDESTE Recife, PE (Brasil): 1981. v. 1 p. 74-77 (BR8105323-AM)F00
650 _aCAPIM BUFFEL
650 _aCAPIM UROCHLOA
650 _aPASTAGEM
650 _aPLANTIO
650 _aNUTRICAO ANIMAL
650 _aPASTEJO
650 _aGANHO DE PESO
650 _aRENDIMENTO
650 _aPERNAMBUCO
773 0 _tAtuacao do IPA no ambito do POLONORDESTE
_wF00 BR8105323
_gRecife, PE (Brasil), 1981. v. 1 p. 74-77
909 _a202404
_bLucia
_c55
_dLucia Elande
942 _cAM
_2AGRIS
999 _c313956
_d313956